书目信息 |
| 题名: |
小街道·大生活
|
|
| 作者: | 石楠 , 唐子来 主编 ;中国城市规划学会 , 高学校城乡规划学科专业指导委员会 编 | |
| 分册: | ||
| 出版信息: | 北京 中国建筑工业出版社 2017.09 |
|
| 页数: | 125页 | |
| 开本: | 29cm | |
| 丛书名: | ||
| 单 册: | ||
| 中图分类: | TU984.2 | |
| 科图分类: | ||
| 主题词: | 城市规划--cheng shi gui hua--建筑设计--作品集--中国--现代 | |
| 电子资源: | ||
| ISBN: | 978-7-112-21258-3 | |
| 000 | 01609nam0 2200289 450 | |
| 001 | 0100001915 | |
| 005 | 20190306105236.21 | |
| 010 | @a978-7-112-21258-3@dCNY56.00 | |
| 100 | @a20171025d2017 em y0chiy50 ea | |
| 101 | 0 | @achi |
| 102 | @aCN@b110000 | |
| 105 | @aak z 000yy | |
| 200 | 1 | @a小街道·大生活@Axiao jie dao ·da sheng huo@e成都市小街区更新设计@e第4届西部之光大学生暑期规划设计竞赛@e2016@f中国城市规划学会, 高等学校城乡规划学科专业指导委员会编 |
| 210 | @a北京@c中国建筑工业出版社@d2017.09 | |
| 215 | @a125页@c图 (部分彩图)@d29cm | |
| 314 | @a书内题: 石楠, 唐子来主编 | |
| 330 | @a本书是第4届西部之光大学生暑期规划设计竞赛的教学记录与获奖作品展示。参与本次“西部之光”活动的院校有西南交通大学建筑与设计学院等44所。各校老师和学生围绕“小街道·大生活”这一竞赛主题, 以成都市小街区为研究对象, 积极开展实地调研, 创新性符合街道和街区自身发展条件、适用前沿理论的城市规划设想和策略。本书收录了本次竞赛的优秀作品、各校老师的教学感受以及学生们的参赛感言。 | |
| 517 | 1 | @a成都市小街区更新设计@Acheng du shi xiao jie qu geng xin she ji |
| 517 | 1 | @a第4届西部之光大学生暑期规划设计竞赛@Adi 4 jie xi bu zhi guang da xue sheng shu qi gui hua she ji jing sai |
| 606 | 0 | @a城市规划@Acheng shi gui hua@x建筑设计@x作品集@y中国@z现代 |
| 690 | @aTU984.2@v5 | |
| 701 | 0 | @a石楠@Ashi nan@4主编 |
| 701 | 0 | @a唐子来@Atang zi lai@4主编 |
| 712 | 02 | @a中国城市规划学会@Azhong guo cheng shi gui hua xue hui@4编 |
| 712 | 02 | @a高学校城乡规划学科专业指导委员会@Agao xue xiao cheng xiang gui hua xue ke zhuan ye zhi dao wei yuan hui@4编 |
| 801 | 0 | @aCN@c20180910 |
| 905 | @a河南城建学院图书馆@dTU984.2@eS534-2 | |
| 小街道·大生活:成都市小街区更新设计:第4届西部之光大学生暑期规划设计竞赛:2016/中国城市规划学会, 高等学校城乡规划学科专业指导委员会编.-北京:中国建筑工业出版社,2017.09 |
| 125页:图 (部分彩图);29cm |
| ISBN 978-7-112-21258-3:CNY56.00 |
| 本书是第4届西部之光大学生暑期规划设计竞赛的教学记录与获奖作品展示。参与本次“西部之光”活动的院校有西南交通大学建筑与设计学院等44所。各校老师和学生围绕“小街道·大生活”这一竞赛主题, 以成都市小街区为研究对象, 积极开展实地调研, 创新性符合街道和街区自身发展条件、适用前沿理论的城市规划设想和策略。本书收录了本次竞赛的优秀作品、各校老师的教学感受以及学生们的参赛感言。 |
| ● |
| 相关链接 |
|
|
|
正题名:小街道·大生活
索取号:TU984.2/S534-2
 
预约/预借
| 序号 | 登录号 | 条形码 | 馆藏地/架位号 | 状态 | 备注 |
| 1 | 1305759 | 213057591 | 建筑库201/201建筑库 64排7列1层/ [索取号:TU984.2/S534-2] | 在馆 | |
| 2 | 1403845 | 214038450 | 建筑库201/201建筑库 64排7列1层/ [索取号:TU984.2/S534-2] | 在馆 | |
| 3 | 1403846 | 214038469 | 建筑库201/201建筑库 64排7列1层/ [索取号:TU984.2/S534-2] | 在馆 |